Normal view
MARC view
- Edward Molloy
Entry Personal Name
001 - CONTROL NUMBER
- control field: 101338
003 - CONTROL NUMBER IDENTIFIER
- control field: NUST
005 - DATE AND TIME OF LATEST TRANSACTION
- control field: 20221025105228.0
008 - FIXED-LENGTH DATA ELEMENTS
- fixed length control field: 221025|| aca||aabn | a|a d
040 ## - CATALOGING SOURCE
- Original cataloging agency: NUST
- Transcribing agency: NUST
100 ## - HEADING--PERSONAL NAME
- Personal name: Edward Molloy
670 ## - SOURCE DATA FOUND
- Source citation: Work cat.: (NUST)190993: Edward Molloy, Practical Electrical Engineering /
